| 000 | 00336nam a2200121Ia 4500 | ||
|---|---|---|---|
| 008 | 230907s9999||||xx |||||||||||||| ||und|| | ||
| 082 |
_a320.6 _bHOW |
||
| 100 |
_aHowlett, Michael, _9115745 |
||
| 245 | 0 | _aDesigning public policies : | |
| 260 |
_aRoutledge, _bAbingdon, Oxon ; | New York : _c2011 |
||
| 300 | _axix, 236 p. : | ||
| 942 | _cBK | ||
| 999 |
_c599263 _d599263 |
||